[Event "ICS rated blitz match"]
[Site "204.178.125.65"]
[Date "1999.08.13"]
[Round "?"]
[White "occam"]
[Black "Hossa"]
[Result "1-0"]
[WhiteElo "2539"]
[BlackElo "2455"]
[PlyCount "127"]
[EventDate "1999.??.??"]

1. e4 Nc6 2. Nf3 Nf6 3. e5 Nd5 4. d4 f6 5. c4 Ndb4 6. a3 Na6 7. b4 fxe5 8. b5
exd4 9. bxc6 dxc6 10. Qxd4 Qxd4 11. Nxd4 e5 12. Nf3 Bc5 13. Nxe5 O-O 14. f4 Bd4
15. Ra2 Bf5 16. Nd2 Nc5 17. Ndf3 Bc3+ 18. Kf2 Rad8 19. Re2 Be4 20. Kg1 Rd1 21.
Be3 Nd3 22. Bxa7 Bf5 23. Re3 Nxf4 24. Bc5 Ra8 25. g4 Bb1 26. h3 Ba1 27. Rh2
Rad8 28. Be7 Re8 29. Bb4 g5 30. Be1 Rc1 31. a4 c5 32. Bd2 Rd1 33. Bc3 Bxc3 34.
Rxc3 Be4 35. Rb3 b6 36. Ra3 h6 37. a5 Ra8 38. a6 Re8 39. a7 Ba8 40. h4 gxh4 41.
Rxh4 Re6 42. Ra2 Rd8 43. Rf2 Rd1 44. Kh2 Rf6 45. g5 hxg5 46. Nxg5 Nh5 47. Ngf3
Ng7 48. Be2 Ra1 49. Bd3 Rd1 50. Bh7+ Kf8 51. Be4 Nf5 52. Rh8+ Kg7 53. Rxa8 Rh6+
54. Kg2 Ne3+ 55. Kg3 Ra1 56. Rd8 Rxa7 57. Rd3 Nxc4 58. Rd7+ Kg8 59. Bd5+ Kf8
60. Nd4+ Ke8 61. Bf7+ Kf8 62. Bg6+ Kg8 63. Rd8+ Kg7 64. Ne6# {Hossa checkmated}
1-0

[Event "ICS rated blitz match"]
[Site "204.178.125.65"]
[Date "1999.08.13"]
[Round "?"]
[White "Icebar"]
[Black "Hossa"]
[Result "0-1"]
[WhiteElo "2038"]
[BlackElo "2446"]
[PlyCount "44"]
[EventDate "1999.??.??"]

1. e4 Nc6 2. d4 d5 3. e5 Bf5 4. Nf3 Nb4 5. Na3 e6 6. c3 Nc6 7. Nc2 Nge7 8. Ne3
Bg6 9. Nh4 f6 10. exf6 gxf6 11. Nxg6 hxg6 12. Bd3 e5 13. dxe5 Nxe5 14. Be2 Qd7
15. O-O O-O-O 16. Qb3 Bh6 17. Rd1 Bf4 18. h3 Rxh3 19. Rd4 Rdh8 20. gxh3 Qxh3
21. f3 Qg3+ 22. Ng2 22... Rh1+ {Icebar resigns} 0-1

[Event "ICS rated blitz match"]
[Site "204.178.125.65"]
[Date "1999.08.13"]
[Round "?"]
[White "ChrisDemers"]
[Black "Hossa"]
[Result "0-1"]
[WhiteElo "2229"]
[BlackElo "2449"]
[PlyCount "38"]
[EventDate "1999.??.??"]

1. e4 Nc6 2. Nc3 e6 3. d4 Bb4 4. Nf3 d5 5. Bd3 Nf6 6. e5 Ne4 7. Bd2 Nxd2 8.
Qxd2 f6 9. exf6 Qxf6 10. O-O Bd7 11. a3 Ba5 12. b4 Bb6 13. Ne2 e5 14. dxe5 Nxe5
15. Nxe5 Qxe5 16. Nf4 O-O 17. g3 c6 18. Rfe1 Qg5 19. h4 19... Qxg3+ {
ChrisDemers resigns} 0-1

[Event "ICS rated blitz match"]
[Site "204.178.125.65"]
[Date "1999.08.13"]
[Round "?"]
[White "Hossa"]
[Black "Big-Pawn"]
[Result "1-0"]
[WhiteElo "2456"]
[BlackElo "2210"]
[PlyCount "25"]
[EventDate "1999.??.??"]

1. d4 g6 2. c4 Bg7 3. Nf3 d6 4. e4 Nc6 5. d5 Nb8 6. Bd3 Bg4 7. Be2 Nf6 8. Ng5
Bxe2 9. Qxe2 h6 10. Nh3 O-O 11. O-O e5 12. f4 Nc6 13. dxc6 {Big-Pawn resigns}
1-0

[Event "ICS rated blitz match"]
[Site "204.178.125.65"]
[Date "1999.08.13"]
[Round "?"]
[White "brutus"]
[Black "Hossa"]
[Result "0-1"]
[WhiteElo "2076"]
[BlackElo "2462"]
[PlyCount "31"]
[EventDate "1999.??.??"]

1. e4 Nc6 2. d4 d5 3. e5 Bf5 4. Bd3 Nxd4 5. Bxf5 Nxf5 6. Qd3 e6 7. Qb5+ c6 8.
Qxb7 Nd4 9. Kf1 Qc8 10. Qxc8+ Rxc8 11. Nd2 Nxc2 12. Rb1 Nb4 13. a3 Nd3 14. Nb3
c5 15. Be3 Rb8 16. Nxc5 {brutus resigns} 0-1

[Event "ICS rated blitz match"]
[Site "204.178.125.65"]
[Date "1999.08.13"]
[Round "?"]
[White "Hossa"]
[Black "brutus"]
[Result "1-0"]
[WhiteElo "2465"]
[BlackElo "2073"]
[PlyCount "65"]
[EventDate "1999.??.??"]

1. d4 Nf6 2. c4 g6 3. Nc3 d5 4. cxd5 Nxd5 5. e4 Nxc3 6. bxc3 Bg7 7. Bb5+ Kf8 8.
Bf4 a6 9. Bc4 b5 10. Bd5 c6 11. Bb3 Bb7 12. Qf3 Nd7 13. Ne2 c5 14. Bg5 c4 15.
Bc2 Bf6 16. Bxf6 Nxf6 17. a4 Kg7 18. O-O Qd7 19. Rfb1 e6 20. Qf4 Bc6 21. axb5
axb5 22. f3 Rxa1 23. Rxa1 Ra8 24. Rxa8 Bxa8 25. Qe5 Bc6 26. g4 h6 27. f4 Qd8
28. g5 hxg5 29. fxg5 Qe7 30. Ng3 Qd8 31. Nf1 Qe7 32. Ne3 Qd8 33. Ng4 {
brutus resigns} 1-0

[Event "ICS rated blitz match"]
[Site "204.178.125.65"]
[Date "1999.08.13"]
[Round "?"]
[White "brutus"]
[Black "Hossa"]
[Result "0-1"]
[WhiteElo "2070"]
[BlackElo "2468"]
[PlyCount "84"]
[EventDate "1999.??.??"]

1. e4 Nc6 2. d4 d5 3. e5 Bf5 4. Nf3 Nb4 5. Na3 e6 6. c3 Nc6 7. Bd3 Bxd3 8. Qxd3
Bxa3 9. bxa3 Nge7 10. O-O O-O 11. Rb1 Rb8 12. Re1 Nf5 13. g4 Nh4 14. Kh1 Nxf3
15. Qxf3 f6 16. exf6 Rxf6 17. Qg3 Qf8 18. f4 b6 19. Rb2 Qd6 20. Rbe2 Rbf8 21.
g5 Rg6 22. Qg4 Rf5 23. h4 h5 24. Qxh5 e5 25. dxe5 Qe6 26. Qf3 Nb8 27. h5 Rgxg5
28. Rg2 Rxh5+ 29. Rh2 Rxh2+ 30. Kxh2 c5 31. Rh1 Qxe5 32. Kg2 Qe8 33. Kf2 Nc6
34. Qh3 Qe4 35. Qh7+ Kf7 36. Qh3 Qc2+ 37. Kg3 Qxc3+ 38. Kg4 Qc2 39. Rh2 Ne5+
40. fxe5 Qe4+ 41. Kg3 Qf3+ 42. Kh4 42... Rh5# {brutus checkmated} 0-1

[Event "ICS rated blitz match"]
[Site "204.178.125.65"]
[Date "1999.08.13"]
[Round "?"]
[White "Hossa"]
[Black "brutus"]
[Result "1-0"]
[WhiteElo "2471"]
[BlackElo "2067"]
[PlyCount "99"]
[EventDate "1999.??.??"]

1. d4 Nf6 2. c4 g6 3. Nc3 d5 4. cxd5 Nxd5 5. e4 Nxc3 6. bxc3 Bg7 7. Bb5+ c6 8.
Bc4 O-O 9. Bg5 b5 10. Bb3 a6 11. Ne2 Bb7 12. O-O Nd7 13. Qd2 c5 14. f3 cxd4 15.
cxd4 Nb6 16. Bh6 Qd7 17. Rac1 Rfc8 18. Bxg7 Kxg7 19. Rce1 Nc4 20. Bxc4 Rxc4 21.
d5 Rac8 22. Rc1 e6 23. d6 e5 24. Rfd1 b4 25. Rxc4 Rxc4 26. Qb2 f6 27. Qb3 Rc6
28. Qxb4 a5 29. Qd2 Ba6 30. Nc3 Bc4 31. Nb1 Be6 32. Kh1 Kf7 33. Na3 Kg7 34. Nb5
Rb6 35. Nc7 Bf7 36. Kg1 Rc6 37. Nb5 a4 38. Nc3 a3 39. Nb1 Ra6 40. Kh1 Be6 41.
Qd3 Rc6 42. Qxa3 Rb6 43. Nc3 Rc6 44. Qb4 Ra6 45. a4 Bf7 46. Qb5 Rc6 47. Qxc6
Qxc6 48. d7 Qxc3 49. d8=Q Qa5 50. Qxa5 {brutus resigns} 1-0

[Event "ICS rated blitz match"]
[Site "204.178.125.65"]
[Date "1999.08.13"]
[Round "?"]
[White "brutus"]
[Black "Hossa"]
[Result "0-1"]
[WhiteElo "2064"]
[BlackElo "2474"]
[PlyCount "54"]
[EventDate "1999.??.??"]

1. e4 Nc6 2. d4 d5 3. exd5 Qxd5 4. Nf3 Bg4 5. Be2 O-O-O 6. c3 e5 7. dxe5 Qxd1+
8. Bxd1 Nxe5 9. Be3 Nxf3+ 10. Bxf3 Bxf3 11. gxf3 Bd6 12. Ke2 Nf6 13. h3 Rhe8
14. Nd2 Bf4 15. Rhg1 g6 16. Rad1 Rd6 17. Nc4 Rd5 18. Rxd5 Nxd5 19. Rd1 Bxe3 20.
Nxe3 Nf4+ 21. Kf1 Nxh3 22. Kg2 Nf4+ 23. Kg3 Nh5+ 24. Kg4 Nf6+ 25. Kg5 Ng8 26.
Ng4 f6+ 27. Nxf6 27... Re5+ {brutus resigns} 0-1

[Event "ICS Rated blitz match"]
[Site "204.178.125.65"]
[Date "1999.08.13"]
[Round "?"]
[White "Hossa"]
[Black "corruptor"]
[Result "1/2-1/2"]
[WhiteElo "2477"]
[BlackElo "2636"]
[PlyCount "147"]
[EventDate "1999.??.??"]

1. d4 d5 2. c4 dxc4 3. e4 e5 4. Nf3 Bb4+ 5. Bd2 Bxd2+ 6. Nbxd2 exd4 7. Bxc4 Nc6
8. O-O Nf6 9. e5 Ng4 10. h3 Nh6 11. Nb3 O-O 12. Nbxd4 Nxd4 13. Qxd4 Qxd4 14.
Nxd4 Re8 15. Rfe1 Bd7 16. Rac1 c6 17. f4 Rad8 18. Nb3 b6 19. g4 Re7 20. Red1 c5
21. Rd6 Rc8 22. Rcd1 Ba4 23. R1d2 Ree8 24. Nc1 Bc6 25. Ne2 Rf8 26. Ba6 Rc7 27.
Bd3 Kh8 28. Nc3 g6 29. g5 Ng8 30. h4 Kg7 31. Bb5 Bf3 32. Rd7 Rxd7 33. Rxd7 h6
34. Rxa7 hxg5 35. hxg5 Rb8 36. Bc4 Rb7 37. Rxb7 Bxb7 38. Na4 Ne7 39. Nxb6 Nc6
40. Bd5 Na5 41. Bxb7 Nxb7 42. Nd7 c4 43. Kf2 Na5 44. Nb6 Kf8 45. Ke3 c3 46.
bxc3 Ke8 47. c4 Kd8 48. c5 Ke7 49. a4 Ke6 50. Kd4 Nc6+ 51. Kc4 Kf5 52. Nd5 Ke4
53. Nb4 Na7 54. Nd3 Nc6 55. Kc3 Ke3 56. e6 fxe6 57. Kc4 Ke4 58. a5 Nxa5+ 59.
Kb5 Nb3 60. Ne5 Kxf4 61. c6 Nd4+ 62. Kc5 Nxc6 63. Nxc6 Kxg5 64. Ne5 Kf4 65. Kd4
Kf5 66. Nd3 e5+ 67. Ke3 g5 68. Ne1 e4 69. Nc2 g4 70. Nd4+ Ke5 71. Ne2 Kd5 72.
Ng3 Kc4 73. Kf4 Kb3 74. Ne2 {
corruptor ran out of time and Hossa has no material to mate} 1/2-1/2

[Event "ICS rated blitz match"]
[Site "204.178.125.65"]
[Date "1999.08.13"]
[Round "?"]
[White "corruptor"]
[Black "Hossa"]
[Result "1-0"]
[WhiteElo "2629"]
[BlackElo "2484"]
[PlyCount "82"]
[EventDate "1999.??.??"]

1. e4 Nc6 2. Nc3 e6 3. Nf3 d5 4. exd5 exd5 5. Bb5 Qe7+ 6. Qe2 Qxe2+ 7. Bxe2 Be6
8. O-O d4 9. Nb5 O-O-O 10. Ng5 a6 11. Nxe6 fxe6 12. Na3 Bxa3 13. bxa3 e5 14.
Bf3 Nge7 15. d3 Rdf8 16. Rb1 h6 17. Bd2 Rf6 18. Rb2 Rhf8 19. a4 b6 20. Re1 a5
21. Rb5 g5 22. Bg4+ Kd8 23. f3 Nf5 24. c4 Nd6 25. Rd5 Ke7 26. Bc1 Ke8 27. Ba3
Rg8 28. Rb1 Kd8 29. c5 h5 30. Bxh5 bxc5 31. Rxc5 Rh8 32. Bg4 Ne7 33. Rb8+ Ndc8
34. Rxe5 Rd6 35. Rxa5 Re8 36. Bxd6 cxd6 37. Ra7 Rf8 38. Bxc8 Nc6 39. Rd7+ Ke8
40. Ra8 Rf7 41. Rxd6 41... Rc7 {Hossa resigns} 1-0

[Event "ICS rated blitz match"]
[Site "204.178.125.65"]
[Date "1999.08.13"]
[Round "?"]
[White "Hossa"]
[Black "corruptor"]
[Result "0-1"]
[WhiteElo "2474"]
[BlackElo "2639"]
[PlyCount "86"]
[EventDate "1999.??.??"]

1. d4 Nf6 2. c4 d5 3. Nc3 dxc4 4. Nf3 c6 5. e4 b5 6. Ne5 e6 7. Bg5 Be7 8. f3
O-O 9. a4 Nxe4 10. fxe4 Bxg5 11. axb5 cxb5 12. Nxb5 Bb7 13. Nc3 Be3 14. Nf3 Qb6
15. Qe2 Bxd4 16. Nxd4 Qxd4 17. Rd1 Qb6 18. Qxc4 Nc6 19. Qb5 Qc7 20. Bc4 Ne5 21.
Ba2 a5 22. Qe2 Ba6 23. Qe3 Rfc8 24. Qh3 Rcb8 25. Rd2 Rxb2 26. Rxb2 Nd3+ 27. Kd2
Nxb2 28. Kc2 Bd3+ 29. Kd2 Rd8 30. Qg3 Bxe4+ 31. Ke2 Bd3+ 32. Kd2 Qc6 33. Rg1
Bg6+ 34. Ke2 Bh5+ 35. Ke1 Nd3+ 36. Kd2 Nb4+ 37. Bd5 Rxd5+ 38. Nxd5 Qc2+ 39. Ke3
Nxd5+ 40. Kd4 Qb2+ 41. Kc5 Qb6+ 42. Kc4 Be2+ 43. Qd3 43... Qb4# {
Hossa checkmated} 0-1

[Event "ICS rated blitz match"]
[Site "204.178.125.65"]
[Date "1999.08.13"]
[Round "?"]
[White "corruptor"]
[Black "Hossa"]
[Result "1-0"]
[WhiteElo "2648"]
[BlackElo "2465"]
[PlyCount "108"]
[EventDate "1999.??.??"]

1. e4 Nc6 2. Nc3 e6 3. Nf3 d5 4. exd5 exd5 5. Bb5 Qe7+ 6. Qe2 Qxe2+ 7. Bxe2 Be6
8. O-O d4 9. Nb5 O-O-O 10. Ng5 a6 11. Nxe6 fxe6 12. Na3 Bxa3 13. bxa3 e5 14.
Bf3 Nge7 15. d3 Rdf8 16. Bg5 Ng6 17. Rae1 h6 18. Bd2 Rf6 19. Be4 b6 20. c4 dxc3
21. Bxc3 Rd8 22. f4 Nxf4 23. Rxf4 Rxf4 24. Bxc6 Rxd3 25. Bxe5 Rf7 26. Bc3 Rd8
27. Be8 Rf8 28. Bh5 g5 29. Bg7 Rf4 30. Bxh6 Rh4 31. Bxg5 Rxh5 32. Bxd8 Kxd8 33.
Re3 Kd7 34. g4 Rd5 35. Kf2 Rd2+ 36. Kg3 Rxa2 37. h4 Rd2 38. h5 a5 39. h6 Rd1
40. g5 Rh1 41. Kg4 Kd6 42. Rh3 Rg1+ 43. Kh4 Re1 44. g6 Re4+ 45. Kg5 Re5+ 46.
Kf4 Re6 47. h7 Rf6+ 48. Kg5 Rf2 49. h8=Q Rg2+ 50. Kh5 Rxg6 51. Qd8+ Kc6 52.
Rc3+ Kb7 53. Rxc7+ Ka6 54. Qd3+ 54... b5 {Hossa resigns} 1-0

[Event "ICS rated blitz match"]
[Site "204.178.125.65"]
[Date "1999.08.13"]
[Round "?"]
[White "Hossa"]
[Black "corruptor"]
[Result "0-1"]
[WhiteElo "2457"]
[BlackElo "2656"]
[PlyCount "70"]
[EventDate "1999.??.??"]

1. d4 d5 2. c4 dxc4 3. e4 b5 4. a4 c6 5. axb5 cxb5 6. Nc3 Bd7 7. d5 Qc8 8. Be3
Na6 9. Qc2 Nf6 10. Be2 Nb4 11. Qd2 Qb7 12. Bd4 Ng4 13. f3 Nf6 14. Nd1 e6 15. d6
Nc6 16. Bxf6 gxf6 17. Qf4 Bg7 18. Qg4 O-O 19. Ne3 Qb6 20. Nd5 Qd4 21. Nc3 Nb4
22. Rc1 Qe3 23. Kd1 Rfd8 24. Qg3 Bc6 25. Rb1 f5 26. exf5 exf5 27. Nh3 Nd3 28.
Bxd3 Qxd3+ 29. Kc1 Qe3+ 30. Kc2 b4 31. Rbg1 Qd3+ 32. Kc1 bxc3 33. bxc3 Rab8 34.
Qxg7+ Kxg7 35. d7 35... Rb1# {Hossa checkmated} 0-1

[Event "ICS rated blitz match"]
[Site "204.178.125.65"]
[Date "1999.08.13"]
[Round "?"]
[White "corruptor"]
[Black "Hossa"]
[Result "0-1"]
[WhiteElo "2664"]
[BlackElo "2449"]
[PlyCount "146"]
[EventDate "1999.??.??"]

1. e4 c5 2. c4 Nc6 3. Nf3 e5 4. Be2 f5 5. Nc3 fxe4 6. Nxe4 Be7 7. O-O Nf6 8.
Nxf6+ Bxf6 9. Bd3 d6 10. Be4 Qe7 11. Qc2 Nb4 12. Qb3 O-O 13. a3 Nc6 14. Qc2 g5
15. Bd5+ Kh8 16. d3 g4 17. Bxc6 bxc6 18. Nd2 Rb8 19. Ne4 Bg7 20. Bg5 Qe6 21.
Rfe1 a6 22. Re2 Bd7 23. Qc3 Be8 24. b4 Bh5 25. Rea2 Bg6 26. Be3 Bf5 27. bxc5 d5
28. Ng5 Qg6 29. cxd5 cxd5 30. Rc1 d4 31. Qe1 dxe3 32. Qxe3 Rb3 33. Rd1 Bxd3 34.
Raa1 e4 35. Re1 h6 36. Nxe4 Qxe4 37. Rad1 Qf5 38. Rd2 Bc4 39. Qe7 Bc3 40. Qd6
h5 41. c6 Bxd2 42. Qxd2 Qf6 43. Kh1 Rxa3 44. Qc1 Rc3 45. Qd2 Bf7 46. Kg1 Rxc6
47. g3 Bd5 48. Rd1 Bf3 49. Rb1 Re6 50. Rc1 Re2 51. Qf4 Qxf4 52. gxf4 Rxf4 53.
Kf1 Kg7 54. Rc7+ Kf6 55. Rb7 Rfe4 56. Rb1 Re1+ 57. Rxe1 Bg2+ 58. Kxg2 Rxe1 59.
f3 gxf3+ 60. Kxf3 Ke5 61. Kg2 Re2+ 62. Kf3 Rxh2 63. Kg3 Ke4 64. Kxh2 a5 65. Kg3
a4 66. Kh4 a3 67. Kxh5 a2 68. Kg6 a1=Q 69. Kf7 Kf5 70. Ke7 Qd1 71. Kf7 Qd7+ 72.
Kg8 Kg6 73. Kf8 73... Qd8# {corruptor checkmated} 0-1

[Event "ICS rated blitz match"]
[Site "204.178.125.65"]
[Date "1999.08.13"]
[Round "?"]
[White "Hossa"]
[Black "corruptor"]
[Result "0-1"]
[WhiteElo "2474"]
[BlackElo "2639"]
[PlyCount "150"]
[EventDate "1999.??.??"]

1. e4 e5 2. Nf3 Nc6 3. Bc4 Bc5 4. c3 Nf6 5. d4 exd4 6. e5 Ng4 7. cxd4 Bb4+ 8.
Nc3 d5 9. Bb5 Bd7 10. h3 Nh6 11. Bxh6 gxh6 12. Qa4 Bxc3+ 13. bxc3 Qe7 14. O-O
a6 15. Rab1 O-O 16. Bxc6 Bxc6 17. Qb4 Qe6 18. a3 Bb5 19. Rfe1 b6 20. Rb2 Rfe8
21. a4 Bc4 22. Nd2 a5 23. Qa3 Bd3 24. Re3 Bg6 25. Qb3 Re7 26. Rf3 Qd7 27. c4
dxc4 28. Qxc4 Qe6 29. Qc3 Rd8 30. Rf4 Qd5 31. Nf3 Rdd7 32. Rh4 h5 33. Rf4 Re6
34. Rb5 Qc6 35. Qd2 Be4 36. Qe3 Bxf3 37. Qxf3 Qxf3 38. gxf3 Re8 39. Re4 Red8
40. e6 fxe6 41. Rxe6 Rg7+ 42. Kf1 Rxd4 43. Re4 Rd2 44. Rxh5 c5 45. Rg4 Rg6 46.
Rhg5 Rxg5 47. Rxg5+ Kf7 48. Rg4 h5 49. Rf4+ Kg6 50. Kg2 Rb2 51. Rf8 Rb4 52. Rb8
Kf5 53. Rb7 Ke5 54. Rh7 Rxa4 55. Rxh5+ Kd6 56. Rh6+ Kc7 57. Rh7+ Kc6 58. Rh6+
Kb5 59. h4 c4 60. Rg6 c3 61. Rg5+ Kc4 62. Re5 c2 63. Re1 Rb4 64. f4 Rb1 65.
Re4+ Kc3 66. Re3+ Kd4 67. Re7 c1=Q 68. Rd7+ Ke4 69. f3+ Kf5 70. Rd5+ Kf6 71.
Rd6+ Ke7 72. Rd5 Qc2+ 73. Kh3 Rh1+ 74. Kg4 Rg1+ 75. Kh3 75... Qg2# {
Hossa checkmated} 0-1

[Event "ICS rated blitz match"]
[Site "204.178.125.65"]
[Date "1999.08.13"]
[Round "?"]
[White "corruptor"]
[Black "Hossa"]
[Result "1-0"]
[WhiteElo "2648"]
[BlackElo "2465"]
[PlyCount "149"]
[EventDate "1999.??.??"]

1. e4 c5 2. c4 Nc6 3. Nf3 e5 4. Be2 f5 5. Nc3 fxe4 6. Nxe4 Be7 7. O-O Nf6 8.
Nxf6+ Bxf6 9. Bd3 d6 10. Be4 Be6 11. Qc2 Nb4 12. Qa4+ Bd7 13. Qb3 Rb8 14. a3
Nc6 15. Qd3 Be6 16. Bxh7 Ne7 17. Be4 Qd7 18. Qe2 b5 19. d3 Bg4 20. Rb1 bxc4 21.
dxc4 a5 22. Be3 Bf5 23. Nd2 Rb6 24. Rfe1 a4 25. Qd3 Rb8 26. b4 axb3 27. Nxb3
Bxe4 28. Qxe4 O-O 29. Qd3 Qe6 30. Nd2 Nf5 31. Rxb8 Rxb8 32. Ne4 Nd4 33. Rb1
Rxb1+ 34. Qxb1 Be7 35. Bg5 Bf8 36. Qd3 d5 37. cxd5 Qxd5 38. Nd2 Qe6 39. a4 Qa2
40. Qc4+ Qxc4 41. Nxc4 Nc6 42. a5 Kf7 43. f3 Ke6 44. a6 Kd5 45. Nb6+ Ke6 46.
Kf2 Bd6 47. Be3 Na7 48. Ke2 g6 49. Kd3 Nb5 50. h3 Bf8 51. Bg1 Bd6 52. Bf2 Bf8
53. g4 Bd6 54. Nc8 Kd5 55. a7 c4+ 56. Kc2 Nxa7 57. Bxa7 Bb4 58. Nb6+ Kd4 59.
Nd7+ Kd5 60. Be3 Ba5 61. Nf8 g5 62. Nh7 Kc6 63. Nxg5 Be1 64. Ne4 Kd5 65. g5 Bb4
66. g6 Ke6 67. Bh6 c3 68. Ng5+ Kf5 69. g7 e4 70. g8=Q Kf4 71. Nxe4+ Ke5 72.
Qe8+ Kd4 73. Qd7+ Bd6 74. Qxd6+ Kc4 75. Qc5# {Hossa checkmated} 1-0

[Event "ICS rated blitz match"]
[Site "204.178.125.65"]
[Date "1999.08.13"]
[Round "?"]
[White "Hossa"]
[Black "occam"]
[Result "0-1"]
[WhiteElo "2457"]
[BlackElo "2548"]
[PlyCount "110"]
[EventDate "1999.??.??"]

1. d4 Nf6 2. c4 e6 3. Nc3 Bb4 4. Bg5 Bxc3+ 5. bxc3 h6 6. Bxf6 Qxf6 7. e4 d6 8.
Bd3 e5 9. Ne2 Nc6 10. d5 Ne7 11. O-O O-O 12. f4 Kh8 13. Rb1 exf4 14. Rxf4 Qg5
15. Kh1 Ng6 16. Rf1 Ne5 17. Nf4 c6 18. Qd2 Re8 19. Qe1 Nxd3 20. Nxd3 Re7 21.
Rb4 Bg4 22. Rb2 Rc8 23. Rbf2 Qg6 24. Rf4 Rce8 25. Nf2 Bf5 26. Qb1 Rxe4 27. Nxe4
Bxe4 28. Qb2 Re7 29. Qd2 Qg5 30. h4 Qg6 31. Kg1 f5 32. R1f2 Re5 33. Qb2 cxd5
34. Qxb7 dxc4 35. Qxa7 Rb5 36. Qe7 Kh7 37. Kh2 Rb1 38. Rd2 d5 39. Rff2 Qg4 40.
Rb2 Bxg2 41. Qxg7+ Kxg7 42. Rxg2 Rxb2 43. Rxb2 Qxh4+ 44. Kg2 Qe4+ 45. Kf2 d4
46. Re2 Qf4+ 47. Ke1 Qc1+ 48. Kf2 dxc3 49. Re7+ Kf6 50. Rh7 Qd2+ 51. Kf3 c2 52.
Rc7 c1=Q 53. Rc6+ Kg5 54. Rd6 Qa3+ 55. Rd3 55... Qaxd3# {Hossa checkmated} 0-1

[Event "ICS rated blitz match"]
[Site "204.178.125.65"]
[Date "1999.08.13"]
[Round "?"]
[White "Hossa"]
[Black "corruptor"]
[Result "1/2-1/2"]
[WhiteElo "2445"]
[BlackElo "2656"]
[PlyCount "225"]
[EventDate "1999.??.??"]

1. d4 d5 2. c4 dxc4 3. e4 b5 4. a4 c6 5. axb5 cxb5 6. Nc3 Bd7 7. Bg5 h6 8. Bf4
Nf6 9. e5 g5 10. exf6 gxf4 11. Qf3 Bc6 12. d5 Bb7 13. Nxb5 a6 14. Nc3 e5 15.
Bxc4 Qxf6 16. Ra4 Nd7 17. Ne4 Qg7 18. Ne2 Nb6 19. Qb3 Qg6 20. Ra1 Rb8 21. Nd2
Nxc4 22. Qa4+ Kd8 23. Nxc4 Qxg2 24. Rg1 Qe4 25. Qa5+ Kd7 26. Qc3 f3 27. Qxf3
Bb4+ 28. Kf1 Qxf3 29. Nxe5+ Ke8 30. Nxf3 Bxd5 31. Ne5 Bd6 32. Nf4 Bxe5 33. Nxd5
Rd8 34. Nc3 Rd6 35. Re1 Re6 36. h4 Ke7 37. h5 Rb8 38. Rd1 Rxb2 39. Nd5+ Kd7 40.
f4 Bd6 41. Rg7 Rh2 42. Rxf7+ Ke8 43. Rg7 Rh1+ 44. Rg1 Rxh5 45. Kf2 Bc5+ 46. Kf3
Bxg1 47. Nc7+ Ke7 48. Nxe6 Kxe6 49. Rxg1 Kf6 50. Ra1 a5 51. Rb1 Rc5 52. Rb6+
Kf5 53. Rxh6 Rc3+ 54. Ke2 Kxf4 55. Rh5 Ra3 56. Kd2 Ra2+ 57. Kc3 Kg4 58. Rc5 Kf3
59. Kb3 Ra1 60. Kb2 Ra4 61. Kb3 Rb4+ 62. Ka3 Ke2 63. Rxa5 Rb1 64. Rd5 Ra1+ 65.
Kb3 Kf1 66. Kc3 Kg1 67. Rf5 Kh1 68. Kd4 Rd1+ 69. Ke4 Kg2 70. Rh5 Rc1 71. Rg5+
Kf1 72. Rg4 Rc4+ 73. Kf3 Rc2 74. Rf4 Ke1 75. Kg3 Rc3+ 76. Kg4 Kd1 77. Re4 Kc1
78. Rd4 Kb2 79. Ra4 Rc5 80. Ra6 Rc1 81. Ra5 Rc2 82. Ra4 Kc1 83. Rb4 Rg2+ 84.
Kf5 Rg1 85. Ke5 Rh1 86. Kd5 Rd1+ 87. Ke5 Kc2 88. Rb5 Re1+ 89. Kd5 Rf1 90. Rb4
Rg1 91. Kc6 Rg3 92. Rd4 Ra3 93. Kd5 Kb1 94. Ke5 Ka2 95. Rc4 Ka1 96. Rc2 Rb3 97.
Kf5 Kb1 98. Rc4 Ka2 99. Rc1 Rb2 100. Rc3 Rb1 101. Rc4 Rd1 102. Rc3 Kb2 103. Rc4
Kb1 104. Rc3 Re1 105. Ra3 Rf1+ 106. Ke5 Rg1 107. Kd5 Rh1 108. Rc3 Rd1+ 109. Ke5
Rd8 110. Ra3 Rb8 111. Kf5 Kb2 112. Ra4 Kc2 113. Rd4 {
Game drawn by the 50 move rule} 1/2-1/2

[Event "ICS rated blitz match"]
[Site "204.178.125.65"]
[Date "1999.08.13"]
[Round "?"]
[White "sicillianknight"]
[Black "Hossa"]
[Result "1-0"]
[WhiteElo "2843"]
[BlackElo "2454"]
[PlyCount "62"]
[EventDate "1999.??.??"]

1. d4 Nf6 2. c4 d5 3. Nc3 dxc4 4. e4 c5 5. d5 b5 6. Bf4 b4 7. Nb5 Na6 8. Qa4
Qd7 9. Nf3 Ng4 10. h3 c3 11. bxc3 bxc3 12. hxg4 f6 13. Nxc3 Qxa4 14. Nxa4 Nb4
15. Bb5+ Kf7 16. O-O e5 17. dxe6+ Bxe6 18. g5 Nxa2 19. gxf6 Kxf6 20. Be3 a6 21.
e5+ Kf5 22. Bd3+ Kg4 23. Be2 Kf5 24. g4+ Kxg4 25. Nd4+ Kh3 26. Nxe6 Be7 27.
Nf4+ Kh4 28. Ng2+ Kh3 29. Rxa2 c4 30. Bc5 Bxc5 31. Nxc5 31... Rhf8 {
Hossa resigns} 1-0

[Event "ICS Rated blitz match"]
[Site "204.178.125.65"]
[Date "1999.08.13"]
[Round "?"]
[White "bookbuilder"]
[Black "Hossa"]
[Result "1-0"]
[WhiteElo "2747"]
[BlackElo "2451"]
[PlyCount "98"]
[EventDate "1999.??.??"]

1. e4 e5 2. Nf3 Nc6 3. Bc4 Bc5 4. c3 Nf6 5. d4 exd4 6. cxd4 Bb4+ 7. Nc3 Nxe4 8.
Qb3 O-O 9. O-O Bxc3 10. bxc3 Na5 11. Bxf7+ Rxf7 12. Qd5 Nxc3 13. Qxa5 Ne2+ 14.
Kh1 Rxf3 15. gxf3 Nxd4 16. Qd5+ Ne6 17. f4 Qf8 18. Rd1 c6 19. Qd6 Qf7 20. Be3
b6 21. f3 Qh5 22. Rf1 Qh3 23. Rae1 Ba6 24. Rf2 Nf8 25. Bd4 Ng6 26. Rg2 Bc4 27.
Re7 Bf7 28. Qxd7 Qxd7 29. Rxd7 Re8 30. f5 Re1+ 31. Rg1 Rxg1+ 32. Kxg1 Nf8 33.
Rxa7 c5 34. Be5 h6 35. Rc7 b5 36. Rc8 Bxa2 37. Bd6 Bd5 38. Rxf8+ Kh7 39. Bxc5
Bxf3 40. Bd4 Bh5 41. Rb8 Bf3 42. Rc8 Bd5 43. Rc7 Kg8 44. Rxg7+ Kf8 45. Ra7 Kg8
46. f6 Bc4 47. Be3 h5 48. Bc5 Bf7 49. h4 49... Be6 {Hossa resigns} 1-0

[Event "ICS Rated blitz match"]
[Site "204.178.125.65"]
[Date "1999.08.13"]
[Round "?"]
[White "Panthee"]
[Black "Hossa"]
[Result "0-1"]
[WhiteElo "2250"]
[BlackElo "2454"]
[PlyCount "128"]
[EventDate "1999.??.??"]

1. e3 g6 2. d4 Bg7 3. Bd3 d5 4. Ne2 e5 5. dxe5 Bxe5 6. c4 dxc4 7. Bxc4 Qxd1+ 8.
Kxd1 Nf6 9. Nbc3 Be6 10. Bxe6 fxe6 11. h3 Bxc3 12. Nxc3 Nc6 13. Ke2 O-O-O 14.
Bd2 Rd6 15. Rhd1 Rhd8 16. Be1 g5 17. Rxd6 cxd6 18. Rd1 Kd7 19. Nb5 d5 20. Bc3
Ne4 21. f3 Nxc3+ 22. Nxc3 h6 23. Nb5 Ke7 24. Nd4 Nxd4+ 25. Rxd4 Rc8 26. Kd2 b5
27. a4 bxa4 28. Rxa4 Rc7 29. Kd3 Kd6 30. Ra6+ Ke5 31. b3 h5 32. b4 h4 33. b5
Rb7 34. Ra5 Kd6 35. Ra6+ Kc5 36. Rxe6 Rxb5 37. Re5 Rb3+ 38. Kc2 Ra3 39. Kb2 Rd3
40. e4 Rd2+ 41. Kc3 Rxg2 42. Rxd5+ Kb6 43. e5 Kc6 44. Rd6+ Kc7 45. Rd3 Re2 46.
Kd4 a5 47. Kd5 Rh2 48. Ke6 Rxh3 49. Kf5 Rg3 50. e6 Rg1 51. Kf6 h3 52. e7 Re1
53. Rd2 Re3 54. Kxg5 Rxe7 55. f4 Rg7+ 56. Kf6 Rg2 57. Rd1 h2 58. Rh1 a4 59. f5
a3 60. Ke7 a2 61. f6 Rg1 62. Rxh2 Re1+ 63. Kf8 a1=Q 64. f7 64... Qa3+ {
Panthee resigns} 0-1

[Event "ICS rated blitz match"]
[Site "204.178.125.65"]
[Date "1999.08.13"]
[Round "?"]
[White "Hossa"]
[Black "Panthee"]
[Result "1-0"]
[WhiteElo "2462"]
[BlackElo "2242"]
[PlyCount "83"]
[EventDate "1999.??.??"]

1. e4 c5 2. Nf3 d6 3. d4 cxd4 4. Nxd4 Nf6 5. Nc3 a6 6. Be3 e6 7. Bd3 Be7 8. O-O
O-O 9. Qf3 Qc7 10. Rad1 Nbd7 11. Qg3 Ne5 12. Be2 Bd7 13. f3 Rac8 14. a3 Nc4 15.
Bxc4 Qxc4 16. Bh6 Ne8 17. Rfe1 Bf6 18. Nde2 b5 19. Bf4 Be7 20. Rd4 Qc6 21. Red1
Bf6 22. R4d3 e5 23. Bh6 Be6 24. R1d2 a5 25. Nd5 Bxd5 26. Rxd5 Qb7 27. Nc3 Rc5
28. Be3 Rxd5 29. Rxd5 b4 30. axb4 Qxb4 31. Rb5 Qc4 32. Rxa5 g6 33. Bh6 Ng7 34.
Qf2 Rb8 35. Nd5 Bd8 36. b3 Qc6 37. Qa7 Rc8 38. c4 Ne6 39. Kh1 Nd4 40. Ne7+ Bxe7
41. Qxe7 Ra8 42. Ra7 {Panthee resigns} 1-0